The Sutton Housing Trust: its foundation and history (Record no. 94994)

MARC details
000 -LEADER
fixed length control field 00481cam a2200193 4500
001 - CONTROL NUMBER
control field D2082
008 - FIXED-LENGTH DATA ELEMENTS--GENERAL INFORMATION
fixed length control field 090401t1982 xxu||||| |||| 00| 0 eng d
035 ## - SYSTEM CONTROL NUMBER
System control number (Sirsi) u67354
041 ## - LANGUAGE CODE
Language code of text/sound track or separate title eng
050 ## - LIBRARY OF CONGRESS CALL NUMBER
Classification number 306.52062
100 ## - MAIN ENTRY--PERSONAL NAME
Personal name Butcher, Harold
245 #4 - TITLE STATEMENT
Title The Sutton Housing Trust: its foundation and history
260 ## - PUBLICATION, DISTRIBUTION, ETC.
Place of publication, distribution, etc. Tring
Name of publisher, distributor, etc. The Sutton Housing Trust
Date of publication, distribution, etc. 1982
300 ## - PHYSICAL DESCRIPTION
Extent 88p. ill. 23cm
350 ## - PRICE (NR) (BK AM CF MU VM SE) [OBSOLETE]
Price 0
700 ## - ADDED ENTRY--PERSONAL NAME
Personal name Butcher, Ian
942 ## - ADDED ENTRY ELEMENTS (KOHA)
Suppress in OPAC 0
948 ## - LOCAL PROCESSING INFORMATION (OCLC); SERIES PART DESIGNATOR (RLIN)
c (OCLC) 04/03/1997
Holdings
Withdrawn status Lost status Source of classification or shelving scheme Damaged status Not for loan Home library Current library Shelving location Date acquired Total Checkouts Full call number Barcode Date last seen Copy number Price effective from Koha item type
    Dewey Decimal Classification     London London Books 14/09/1999   306.52062 30000287 06/08/2019 1 06/08/2019 Book